[Event "Neum"]
[Site "?"]
[Date "2000.??.??"]
[Round "?"]
[White "Azmaiparashvili, Z."]
[Black "Beliavsky, A."]
[Result "1/2-1/2"]
[WhiteElo "2670"]
[BlackElo "2650"]
[PlyCount "54"]
[EventDate "2000.??.??"]
[Source "Chess Informant"]
[SourceDate "2000.06.01"]

1. c4 e5 2. Nc3 Nc6 3. g3 g6 4. Rb1 a5 5. a3 f5 6. Bg2 Nf6 7. d3 Bg7 8. Bg5 O-O 9. Qc1 d6 10. h4 Nd4 11. h5 c6 12. hxg6 hxg6 13. Nf3 Ne6 14. Bh6 f4 15. Bxg7 Kxg7 16. c5 g5 17. Na4 Nd5 18. Qc4 g4 19. Nh4 Nd4 20. Bxd5 b5 21. cxb6 Ba6 22. Qa2 fxg3 23. fxg3 Qg5 24. Be4 Nc2+ 25. Kd1 Ne3+ 26. Ke1 Nc2+ 27. Kd1 Ne3+ 1/2-1/2

[Event "Groningen"]
[Site "?"]
[Date "1995.??.??"]
[Round "?"]
[White "Hansen, Cu"]
[Black "Almasi, Z."]
[Result "1/2-1/2"]
[WhiteElo "2635"]
[BlackElo "2645"]
[PlyCount "69"]
[EventDate "1995.??.??"]
[Source "ChessBase"]
[SourceDate "1995.10.01"]

1. c4 e5 2. g3 Nf6 3. Bg2 Nc6 4. Nc3 Bb4 5. Nd5 Bc5 6. e3 d6 7. Ne2 Bg4 8. h3 Bh5 9. O-O Nxd5 10. cxd5 Ne7 11. g4 Bg6 12. d4 Bb6 13. a4 a5 14. dxe5 dxe5 15. b3 h5 16. Bb2 hxg4 17. hxg4 f6 18. Ba3 Rh4 19. Nc3 Qd7 20. d6 cxd6 21. Qxd6 Qxd6 22. Bxd6 Bf7 23. Bf3 Rd8 24. Rfd1 Be6 25. Bxe7 Kxe7 26. Rxd8 Bxd8 27. Kg2 Bc7 28. Rd1 Bb8 29. Kg3 g5 30. Nd5+ Bxd5 31. Bxd5 e4+ 32. f4 exf3+ 33. Kxf3 Rh3+ 34. Ke2 b6 35. Rh1 1/2-1/2

[Event "RUS"]
[Site "?"]
[Date "2006.04.28"]
[Round "9"]
[White "Belov Vladimir"]
[Black "Korneev Oleg"]
[Result "1/2-1/2"]
[WhiteElo "2599"]
[BlackElo "2671"]
[PlyCount "23"]
[EventDate "2006.??.??"]
[Source "www.chesslib.no"]
[SourceDate "2004.05.04"]

1. c4 e5 2. g3 Nf6 3. Bg2 Nc6 4. Nc3 Bc5 5. a3 a6 6. e3 O-O 7. Nge2 d6 8. O-O Ba7 9. d3 Re8 10. b4 Ne7 11. Bb2 Ng6 12. a4 1/2-1/2

[Event "Elenite"]
[Site "?"]
[Date "1995.??.??"]
[Round "?"]
[White "Azmaiparashvili, Z."]
[Black "Short, N."]
[Result "1/2-1/2"]
[WhiteElo "2620"]
[BlackElo "2645"]
[PlyCount "62"]
[EventDate "1995.??.??"]
[Source "ChessBase"]
[SourceDate "1995.06.01"]

1. c4 e5 2. Nc3 Nc6 3. g3 g6 4. Rb1 f5 5. Bg2 Bg7 6. b4 e4 7. Bb2 Nf6 8. Nd5 O-O 9. d3 Nxd5 10. cxd5 Bxb2 11. Rxb2 Qf6 12. Qc1 Ne7 13. Nh3 Nxd5 14. O-O c6 15. dxe4 fxe4 16. Ng5 e3 17. f4 Nb6 18. Rb3 d5 19. Rxe3 Bf5 20. Qa1 Qxa1 21. Rxa1 Rfe8 22. Rxe8+ Rxe8 23. Kf2 Nc4 24. Nf3 Re3 25. b5 Ra3 26. bxc6 bxc6 27. Nd4 Bd7 28. e4 dxe4 29. Bxe4 Na5 30. Bc2 Kf7 31. Nb3 Nxb3 1/2-1/2

[Event "Mind Sports Games - Blitz Ind"]
[Site "Pechino CINA"]
[Date "2008.10.04"]
[Round "7"]
[White "Ghaem Maghami, E."]
[Black "Zhang Zhong"]
[Result "1/2-1/2"]
[WhiteElo "2599"]
[BlackElo "2649"]
[PlyCount "119"]
[EventDate "2008.10.04"]
[Source "www.chesslib.no"]
[SourceDate "2004.05.04"]

1. c4 e5 2. g3 Nc6 3. Bg2 Nf6 4. Nc3 Bb4 5. d3 O-O 6. e4 d6 7. Nge2 Nd4 8. O-O Bg4 9. f3 Nxe2+ 10. Nxe2 Be6 11. b3 a5 12. d4 exd4 13. Nxd4 a4 14. Be3 Bc5 15. Qd2 axb3 16. axb3 Rxa1 17. Rxa1 Bb6 18. Nb5 Bxe3+ 19. Qxe3 Bd7 20. Nc3 Bc6 21. Qd4 Nd7 22. b4 b6 23. f4 Re8 24. h3 h6 25. Kf2 Nf8 26. Nd5 Ne6 27. Qc3 Qd7 28. Ra7 Qd8 29. h4 Qb8 30. Ra2 b5 31. cxb5 Qxb5 32. Ne3 Qb6 33. Rd2 Rb8 34. Rd1 Bd7 35. Rb1 Bb5 36. Kg1 Qd4 37. Rc1 Qxc3 38. Rxc3 c5 39. bxc5 dxc5 40. f5 Nd4 41. Rxc5 Be8 42. e5 Kf8 43. g4 Rb3 44. Nf1 Bb5 45. f6 gxf6 46. exf6 Ke8 47. Re5+ Kf8 48. Ne3 Ne6 49. Nf5 h5 50. gxh5 Bd3 51. Nd6 Rb6 52. Ne4 Bxe4 53. Rxe4 Rb5 54. Ra4 Kg8 55. Ra8+ Nf8 56. h6 Rh5 57. Ra4 Rxh6 58. Rf4 Ng6 59. Rg4 Rxh4 60. Rxh4 1/2-1/2

[Event "1st Serbian League Men"]
[Site "Zlatibor SRB"]
[Date "2007.08.28"]
[Round "7"]
[White "Damljanovic, B."]
[Black "Predojevic, B."]
[Result "0-1"]
[WhiteElo "2606"]
[BlackElo "2628"]
[PlyCount "84"]
[EventDate "2007.08.21"]
[Source "www.chesslib.no"]
[SourceDate "2004.05.04"]

1. c4 e5 2. g3 Nc6 3. Nc3 Bc5 4. Bg2 d6 5. e3 a6 6. Nge2 Ba7 7. a3 Nge7 8. b4 O-O 9. d3 Bf5 10. Bb2 Qd7 11. h3 h6 12. Rc1 Rae8 13. Qd2 Nd8 14. d4 exd4 15. exd4 Ndc6 16. Nd1 Bh7 17. b5 Nd8 18. a4 c6 19. bxa6 bxa6 20. O-O Nf5 21. Kh2 Ne6 22. a5 c5 23. d5 Ned4 24. Nxd4 Nxd4 25. Ne3 f5 26. Rce1 f4 27. gxf4 Rxf4 28. Ng4 Ref8 29. Re6 Bb8 30. Bxd4 cxd4 31. Kg1 h5 32. Nh2 d3 33. Qd1 Qf7 34. Qe1 Ba7 35. Kh1 Rxf2 36. Re7 Rxf1+ 37. Nxf1 Qf2 38. Qe6+ Kh8 39. Rxa7 Qxa7 40. Qxd6 Qf2 41. Qe7 Rb8 42. d6 d2 0-1

[Event "Kusadasi TUR"]
[Site "?"]
[Date "2006.04.16"]
[Round "2.2"]
[White "Gurevich Mikhail"]
[Black "Nijboer Friso"]
[Result "1-0"]
[WhiteElo "2643"]
[BlackElo "2584"]
[PlyCount "93"]
[EventDate "2006.??.??"]
[Source "www.chesslib.no"]
[SourceDate "2004.05.04"]

1. c4 f5 2. Nc3 Nf6 3. g3 g6 4. Bg2 Bg7 5. d3 O-O 6. e3 e5 7. Nge2 d6 8. O-O Nc6 9. Rb1 Be6 10. Nd5 Rb8 11. b4 Ne7 12. Nxf6+ Bxf6 13. Bb2 a6 14. a4 c6 15. Qd2 d5 16. Qc2 b5 17. axb5 axb5 18. cxb5 cxb5 19. Rfc1 Rc8 20. Qd2 Qd6 21. f4 h5 22. fxe5 Qxe5 23. d4 Rb8 24. Rc5 Qf4 25. Nxf4 Bf7 26. Ra1 h4 27. Qf2 hxg3 28. Qxg3 Ra8 29. Rxa8 Rxa8 30. h4 Ra1+ 31. Kh2 Ra2 32. Rxb5 Be8 33. Rb8 Kf7 34. Qg5 Bxg5 35. hxg5 Ra3 36. Rb7 Bc6 37. Rc7 Ba8 38. Bxd5+ Ke8 39. Bxa8 Rxa8 40. b5 Rb8 41. Rc5 Kd7 42. Kg3 Kd6 43. Kf3 Ra8 44. Re5 Ra3 45. Re6+ Kd7 46. Rf6 Rc3 47. Rf7 1-0

[Event "sim"]
[Site "Israel sim"]
[Date "1994.??.??"]
[Round "?"]
[White "Kasparov, Gary"]
[Black "Finkel, Alexander"]
[Result "1/2-1/2"]
[WhiteElo "2805"]
[BlackElo "2415"]
[PlyCount "44"]
[EventDate "1994.??.??"]
[Source "www.chesslib.no"]
[SourceDate "2004.05.04"]

1. c4 e5 2. g3 Nc6 3. Bg2 d6 4. Nc3 g6 5. Rb1 a5 6. a3 Bg7 7. b4 axb4 8. axb4 Nf6 9. e3 O-O 10. Nge2 Ne7 11. O-O d5 12. cxd5 Nfxd5 13. Ra1 Qd7 14. Ne4 Nb6 15. Ra4 Nf5 16. Re1 Qd3 17. Nd6 Nd5 18. Ra2 Ra6 19. Qb3 Qe4 20. Qa3 Nb6 21. Nc4 Qc2 22. Na5 Qb3 1/2-1/2

[Event "Roquebrune"]
[Site "Roquebrune"]
[Date "1992.??.??"]
[Round "?"]
[White "Ljubojevic, Ljubomir"]
[Black "Adams, Michael"]
[Result "1/2-1/2"]
[WhiteElo "2610"]
[BlackElo "2590"]
[PlyCount "51"]
[EventDate "1992.02.??"]
[Source "ChessBase"]

1. c4 e5 2. Nc3 Nf6 3. g3 Nc6 4. Bg2 Bb4 5. Qc2 O-O 6. Nf3 Re8 7. O-O e4 8. Ng5 Bxc3 9. dxc3 Qe7 10. Nh3 d6 11. Nf4 b6 12. Nd5 Nxd5 13. cxd5 Nb8 14. c4 Bf5 15. b3 Bg6 16. Bb2 e3 17. Qc3 exf2+ 18. Rxf2 f6 19. Bh3 Nd7 20. Be6+ Kh8 21. Bxd7 Qxd7 22. Rxf6 Rxe2 23. Re6 Re8 24. Rf1 Kg8 25. Rxe2 Rxe2 26. Re1 1/2-1/2

[Event "CZE-ch"]
[Site "Karlovy Vary"]
[Date "2004.02.24"]
[Round "8"]
[White "Navara, David"]
[Black "Babula, Vlastimil"]
[Result "1/2-1/2"]
[WhiteElo "2604"]
[BlackElo "2594"]
[PlyCount "85"]
[EventDate "2004.02.17"]
[Source "ChessBase"]
[SourceDate "2004.06.01"]

1. c4 e5 2. g3 Nc6 3. Bg2 Nf6 4. Nc3 Bb4 5. Nd5 Bc5 6. d3 O-O 7. Nf3 h6 8. O-O d6 9. a3 a6 10. b4 Ba7 11. Bb2 Nxd5 12. cxd5 Ne7 13. Nd2 b5 14. d4 Bb7 15. dxe5 Bxd5 16. Ne4 dxe5 17. Bxe5 f6 18. Bf4 f5 19. Nc3 Bxg2 20. Kxg2 Ng6 21. Qd5+ Kh7 22. Rfd1 Qf6 23. Qf3 Nxf4+ 24. gxf4 c6 25. Rd7 Rfd8 26. Rad1 Rxd7 27. Rxd7 Bb6 28. Rb7 Bd8 29. Nd1 Rc8 30. Ne3 c5 31. bxc5 Qg6+ 32. Qg3 Qc6+ 33. Qf3 Qg6+ 34. Qg3 Rxc5 35. Qxg6+ Kxg6 36. Rd7 Bf6 37. Ra7 Rc6 38. Nd5 Re6 39. e3 Bb2 40. Ne7+ Kf6 41. Ng8+ Kg6 42. Ne7+ Kf6 43. Nd5+ 1/2-1/2

[Event "ch-Euro Blitz"]
[Site "Ajaccio FRA"]
[Date "2007.10.25"]
[Round "21"]
[White "Mchedlishvili, M."]
[Black "Guliyev, N."]
[Result "0-1"]
[WhiteElo "2631"]
[BlackElo "2560"]
[PlyCount "100"]
[EventDate "2007.10.25"]
[Source "www.chesslib.no"]
[SourceDate "2004.05.04"]

1. c4 e5 2. Nc3 Nc6 3. g3 Nf6 4. Bg2 Bc5 5. e3 O-O 6. Nge2 Re8 7. d3 a6 8. O-O d6 9. a3 Ba7 10. b4 Bd7 11. h3 Qc8 12. Kh2 Ne7 13. e4 b5 14. Bg5 bxc4 15. dxc4 Be6 16. Bxf6 gxf6 17. Nd5 Nxd5 18. cxd5 Bd7 19. Qd2 Qd8 20. f4 Bb6 21. fxe5 fxe5 22. Qh6 Qe7 23. Ng1 Qf8 24. Qh5 Qg7 25. Qe2 Bb5 26. Qf3 Bxf1 27. Rxf1 a5 28. b5 Bxg1+ 29. Rxg1 a4 30. Rc1 f6 31. h4 Rab8 32. Qd3 Qd7 33. Rc6 Rb6 34. Bh3 Qe7 35. Be6+ Kh8 36. Qc4 Rxc6 37. Qxc6 Rb8 38. Qa6 Qe8 39. Qa7 Qxb5 40. Qxc7 Qe2+ 41. Kh3 Qf1+ 42. Kg4 Qd1+ 43. Kh3 Qh1+ 44. Kg4 Qxe4+ 45. Kh3 Qh1+ 46. Kg4 Qd1+ 47. Kh3 Qf1+ 48. Kg4 Rf8 49. Kh5 Qe2+ 50. g4 f5 0-1

[Event "Hoogovens"]
[Site "?"]
[Date "1983.01.??"]
[Round "3"]
[White "Ribli Zoltan"]
[Black "Nunn John D M"]
[Result "1/2-1/2"]
[WhiteElo "2595"]
[BlackElo "2570"]
[PlyCount "39"]
[EventDate "1983.??.??"]
[Source "www.chesslib.no"]
[SourceDate "2004.05.04"]

1. c4 g6 2. g3 Bg7 3. Bg2 e5 4. Nc3 d6 5. e3 Nc6 6. Nge2 Nge7 7. d3 O-O 8. O-O Be6 9. Nd5 Qd7 10. Rb1 Rab8 11. Nec3 a6 12. a4 a5 13. Bd2 Nb4 14. Nxb4 axb4 15. Ne4 c5 16. Ng5 f5 17. a5 Kh8 18. Nxe6 Qxe6 19. Ra1 e4 20. Be1 1/2-1/2

[Event "SLO-chT"]
[Site "Celje"]
[Date "2004.11.29"]
[Round "1"]
[White "Hulak, Krunoslav"]
[Black "Naiditsch, Arkadij"]
[Result "1-0"]
[WhiteElo "2546"]
[BlackElo "2611"]
[PlyCount "83"]
[EventDate "2004.11.29"]
[Source "Roberto Alvarez"]
[SourceDate "2004.12.06"]

1. c4 e5 2. g3 Nf6 3. Bg2 Nc6 4. Nc3 Bb4 5. e4 Bxc3 6. bxc3 d6 7. d3 Be6 8. Nf3 h6 9. Nd2 Ne7 10. h3 Nh7 11. Qe2 c6 12. Nb3 O-O 13. O-O f5 14. exf5 Nxf5 15. a4 Qf6 16. Na5 Qf7 17. Rb1 Qc7 18. Nb3 Rae8 19. Kh2 Nf6 20. Re1 Bc8 21. Qd1 Kh8 22. Rb2 Qf7 23. Nd2 d5 24. cxd5 cxd5 25. c4 Nd4 26. cxd5 Nxd5 27. Ne4 Rd8 28. Be3 Nxe3 29. Rxe3 b6 30. a5 b5 31. Qc1 Qh5 32. Qc7 Bg4 33. Nd6 Bf3 34. Rxe5 Qg6 35. Nxb5 Bxg2 36. Nxd4 Ba8 37. Ne6 Qf6 38. Nxd8 Rxd8 39. f4 Kh7 40. d4 Rxd4 41. Qc2+ g6 42. Qc7+ 1-0

[Event "Polanica Zdroj"]
[Site "?"]
[Date "1992.??.??"]
[Round "?"]
[White "Romanishin, O."]
[Black "Chernin, A."]
[Result "1-0"]
[WhiteElo "2555"]
[BlackElo "2600"]
[PlyCount "77"]
[EventDate "1992.??.??"]
[Source "ChessBase"]
[SourceDate "1992.06.01"]

1. g3 e5 2. c4 Nc6 3. Nc3 g6 4. d3 Bg7 5. Nd5 Nd4 6. Bg2 c6 7. Nc3 Ne7 8. e3 Ne6 9. Nge2 d5 10. cxd5 cxd5 11. Qb3 d4 12. exd4 exd4 13. Ne4 O-O 14. O-O Nc6 15. Nf4 Rb8 16. Bd2 Be5 17. Nd5 f5 18. f4 Bg7 19. Ng5 Kh8 20. Rfe1 Qd6 21. Nb4 Ned8 22. Qa3 h6 23. Nf3 Kh7 24. Ne5 Rf6 25. Rac1 Bf8 26. Nbxc6 Qxa3 27. bxa3 Nxc6 28. a4 Nxe5 29. fxe5 Ra6 30. Rc7+ Kh8 31. a5 Re6 32. Bd5 Re8 33. e6 Bd6 34. Rf7 b6 35. Bxh6 bxa5 36. Bg7+ Kg8 37. Bf6 Rb5 38. Rg7+ Kf8 39. e7+ 1-0

[Event "2nd IECC, Ohrid MKD"]
[Site "?"]
[Date "2001.??.??"]
[Round "5"]
[White "Delchev, A."]
[Black "Aseev, K."]
[Result "1/2-1/2"]
[WhiteElo "2580"]
[BlackElo "2575"]
[PlyCount "30"]
[EventDate "2001.??.??"]
[Source "www.chesslib.no"]
[SourceDate "2004.05.04"]

1. c4 Nf6 2. Nc3 e5 3. e3 Nc6 4. Nge2 d5 5. cxd5 Nxd5 6. Nxd5 Qxd5 7. Nc3 Qd6 8. Bc4 Be7 9. a3 O-O 10. b4 Bf5 11. Bb2 Rad8 12. Nd5 Bg5 13. O-O Rd7 14. d3 Qg6 15. e4 Be6 1/2-1/2

[Event "62. ch-POL"]
[Site "?"]
[Date "2005.04.27"]
[Round "7"]
[White "Markowski Tomasz"]
[Black "Miton Kamil"]
[Result "1/2-1/2"]
[WhiteElo "2560"]
[BlackElo "2592"]
[PlyCount "46"]
[EventDate "2005.??.??"]
[Source "www.chesslib.no"]
[SourceDate "2004.05.04"]

1. g3 e5 2. c4 Nc6 3. Bg2 f5 4. Nc3 Nf6 5. e3 d5 6. Nxd5 Nxd5 7. cxd5 Nb4 8. d3 Nxd5 9. Nf3 Bd6 10. O-O Nf6 11. b3 O-O 12. Bb2 Qe7 13. Qc2 Bd7 14. Nd2 Rab8 15. Nc4 Bb5 16. Rac1 Bxc4 17. Qxc4+ Kh8 18. b4 Qe8 19. b5 f4 20. Bf3 fxe3 21. fxe3 Qg6 22. Kg2 b6 23. Be2 Rbe8 1/2-1/2

[Event "Open"]
[Site "?"]
[Date "1997.??.??"]
[Round "?"]
[White "Psakhis Lev"]
[Black "Browne Walter S"]
[Result "0-1"]
[WhiteElo "2610"]
[BlackElo "2540"]
[PlyCount "78"]
[EventDate "1997.??.??"]
[Source "www.chesslib.no"]
[SourceDate "2004.05.04"]

1. c4 e5 2. g3 Nc6 3. Nc3 g6 4. Rb1 a5 5. Bg2 Bg7 6. d3 f5 7. e3 Nf6 8. Nge2 d6 9. a3 O-O 10. O-O Ne7 11. b3 g5 12. f4 h6 13. h3 Ng6 14. Qd2 c6 15. d4 e4 16. d5 c5 17. b4 axb4 18. axb4 b6 19. Qc2 gxf4 20. exf4 h5 21. bxc5 bxc5 22. h4 Ng4 23. Bh3 Nxh4 24. Bxg4 fxg4 25. gxh4 Qxh4 26. Rf2 Bf5 27. Be3 Qh3 28. Qd2 g3 29. Rg2 h4 30. Qe1 Bg4 31. Qf1 Bf3 32. Rd1 Ra3 33. Bd2 Rb8 34. Rc1 Rbb3 35. Rc2 Ra1 36. Bc1 Rxc3 37. Rxc3 Bxe2 38. Qe1 Bxc3 39. Qxc3 Bf3 0-1

[Event "1st League TCh-SCG"]
[Site "Budva"]
[Date "2003.09.07"]
[Round "9"]
[White "Damljanovic, Branko"]
[Black "Ilincic, Zlatko"]
[Result "1-0"]
[WhiteElo "2589"]
[BlackElo "2557"]
[PlyCount "77"]
[EventDate "2003.08.29"]
[Source "Roberto Alvarez"]
[SourceDate "2003.10.27"]

1. c4 Nf6 2. Nc3 e5 3. g3 Nc6 4. Bg2 Bc5 5. e3 d6 6. Nge2 Bb6 7. d4 O-O 8. O-O Bf5 9. h3 h6 10. d5 Ne7 11. e4 Bh7 12. Qd3 Nd7 13. Be3 f5 14. b4 Rf7 15. Bxb6 axb6 16. exf5 Bxf5 17. Qd2 Nf6 18. g4 Bh7 19. f4 Ng6 20. f5 Nh4 21. Ng3 Ra3 22. Rae1 Qa8 23. Rf2 b5 24. cxb5 Qa7 25. Qb2 Nxg2 26. Kxg2 b6 27. Nge4 Nxe4 28. Rxe4 Kh8 29. Qd2 Qa8 30. Re3 Bg8 31. Rg3 Rf6 32. Kh2 Ra7 33. g5 hxg5 34. Qxg5 Qf8 35. Ne4 Rh6 36. f6 gxf6 37. Nxf6 Bxd5 38. Ng4 Rxa2 39. Rxa2 1-0

[Event "Philadelphia"]
[Site "?"]
[Date "2004.??.??"]
[Round "?"]
[White "Kacheishvili, G."]
[Black "Stripunsky, A."]
[Result "1/2-1/2"]
[WhiteElo "2595"]
[BlackElo "2550"]
[PlyCount "81"]
[EventDate "2004.??.??"]
[Source "Chess Informant"]
[SourceDate "2004.06.01"]

1. c4 e5 2. Nc3 Nc6 3. g3 g6 4. Bg2 d6 5. Rb1 Be6 6. d3 Bg7 7. b4 Qd7 8. b5 Nd8 9. a4 Ne7 10. Ba3 O-O 11. Nd5 Nc8 12. Qb3 c6 13. bxc6 bxc6 14. Nc3 a5 15. Nf3 Bh3 16. O-O Bxg2 17. Kxg2 Kh8 18. Rfd1 f5 19. d4 e4 20. Ne1 Qe8 21. d5 Ra7 22. c5 Rb7 23. Qc4 Rxb1 24. Rxb1 cxd5 25. Nxd5 Qc6 26. Rc1 Nf7 27. cxd6 Qxc4 28. Rxc4 Ncxd6 29. Rc6 Rc8 30. Rxc8+ Nxc8 31. Nc2 Ne5 32. Nce3 Kg8 33. h3 Bh6 34. g4 Bxe3 35. Nxe3 fxg4 36. hxg4 Nb6 37. Bd6 Nc6 38. Bc7 Nxa4 39. Nc4 Nc3 40. Bxa5 Nxe2 41. Bd2 1/2-1/2

[Event "Corr"]
[Site "?"]
[Date "2000.09.30"]
[Round "?"]
[White "Bjuhr Arne"]
[Black "Andriulaitis Vytautas"]
[Result "1/2-1/2"]
[WhiteElo "2540"]
[BlackElo "2603"]
[PlyCount "67"]
[EventDate "2000.??.??"]
[Source "www.chesslib.no"]
[SourceDate "2004.05.04"]

1. c4 e5 2. g3 Nf6 3. Bg2 Nc6 4. Nc3 Bc5 5. a3 a6 6. e3 O-O 7. Nge2 Ba7 8. O-O d6 9. b4 Bf5 10. d4 Qd7 11. Bb2 exd4 12. Nd5 Nxd5 13. cxd5 Ne5 14. Bxd4 Rfe8 15. Rc1 Bh3 16. Bxa7 Bxg2 17. Kxg2 Rxa7 18. Nd4 c5 19. dxc6 bxc6 20. Qa4 Rc8 21. Rc3 g6 22. Qc2 Rac7 23. Nb3 c5 24. bxc5 dxc5 25. Nxc5 Qd5+ 26. e4 Qd6 27. Rd1 Qe7 28. Rd5 Ng4 29. f4 Rxc5 30. Rcxc5 Rxc5 31. Qxc5 Qxe4+ 32. Kh3 Nf2+ 33. Kh4 h6 34. Rd8+ 1/2-1/2

[Event "Romania"]
[Site "?"]
[Date "2000.??.??"]
[Round "?"]
[White "Marin, Mihail"]
[Black "Nevednichy, V."]
[Result "1-0"]
[WhiteElo "2555"]
[BlackElo "2585"]
[PlyCount "119"]
[EventDate "2000.??.??"]
[Source "Chess Informant"]
[SourceDate "2000.02.01"]

1. c4 e5 2. g3 Nc6 3. Nc3 Bb4 4. Nd5 Bc5 5. Bg2 Nge7 6. e3 O-O 7. Ne2 Nxd5 8. cxd5 Ne7 9. d4 exd4 10. exd4 Bb6 11. d6 cxd6 12. O-O d5 13. Bg5 h6 14. Bxe7 Qxe7 15. Nf4 Qf6 16. Nxd5 Qxd4 17. Qb3 d6 18. Rad1 Qc5 19. Rc1 Qd4 20. Rcd1 Qc5 21. Rc1 Qd4 22. Rc4 Qd2 23. Nxb6 axb6 24. a3 Be6 25. Qb4 Qg5 26. Rd4 Qc5 27. Qd2 d5 28. Bxd5 Rfd8 29. Rd1 Rxd5 30. Rxd5 Bxd5 31. Qxd5 Qc2 32. Qd2 Qb3 33. Rc1 Re8 34. Rc3 Qa2 35. Kg2 Qb1 36. Qc2 Qa2 37. Qb3 Qxb3 38. Rxb3 Re6 39. Rc3 Re2 40. Rc8+ Kh7 41. b4 Ra2 42. Rc7 Rxa3 43. Rxf7 Rb3 44. Rf4 g5 45. Rd4 b5 46. h4 gxh4 47. Rxh4 Kg6 48. Rd4 Kf6 49. f4 Kf5 50. Kh3 Rb1 51. Rd6 Rxb4 52. Rxh6 Rb1 53. Rb6 b4 54. Rb5+ Ke6 55. Kg4 b3 56. Kg5 b2 57. g4 Kd6 58. Rxb7 Kc6 59. Rb8 Kd6 60. f5 1-0

[Event "Corr"]
[Site "corr."]
[Date "1994.??.??"]
[Round "?"]
[White "Popov A.J"]
[Black "Koroljev S.I"]
[Result "0-1"]
[WhiteElo "2485"]
[BlackElo "2645"]
[PlyCount "56"]
[EventDate "1994.??.??"]
[Source "www.chesslib.no"]
[SourceDate "2004.05.04"]

1. c4 e5 2. Nc3 Nc6 3. g3 f5 4. Bg2 Nf6 5. e3 d5 6. Nxd5 Nxd5 7. cxd5 Nb4 8. d3 c6 9. a3 Qa5 10. dxc6 Nxd3+ 11. Kf1 e4 12. cxb7 Bxb7 13. Ne2 Rd8 14. Bd2 Qa6 15. Qc2 Ne5 16. Bc3 Nf3 17. Bh3 Bc5 18. b4 Bb6 19. Bxf5 Rf8 20. Bxe4 Bxe3 21. Bxb7 Qxb7 22. Qa4+ Ke7 23. Nf4 Nd2+ 24. Kg1 Bxf2+ 25. Kxf2 Rxf4+ 26. gxf4 Qf3+ 27. Kg1 Qe3+ 28. Kg2 Qe2+ 0-1

[Event "2nd IECC, Ohrid MKD"]
[Site "?"]
[Date "2001.??.??"]
[Round "10"]
[White "Rechlis, G."]
[Black "Najer, E."]
[Result "1/2-1/2"]
[WhiteElo "2525"]
[BlackElo "2600"]
[PlyCount "29"]
[EventDate "2001.??.??"]
[Source "www.chesslib.no"]
[SourceDate "2004.05.04"]

1. c4 e5 2. Nc3 Nc6 3. g3 f5 4. Bg2 Nf6 5. d3 Bb4 6. Bd2 O-O 7. Nf3 d6 8. O-O a5 9. Rc1 Bxc3 10. Bxc3 Qe8 11. Qd2 Bd7 12. b3 b6 13. a3 Rb8 14. Bb2 Qh5 15. Qg5 1/2-1/2

[Event "Leeuwarden Open"]
[Site "Leeuwarden NED"]
[Date "1994.??.??"]
[Round "4"]
[White "Alterman, Boris"]
[Black "Yakovich, Yuri"]
[Result "1/2-1/2"]
[WhiteElo "2595"]
[BlackElo "2530"]
[PlyCount "67"]
[EventDate "1994.07.??"]
[Source "www.chesslib.no"]
[SourceDate "2004.05.04"]

1. c4 e5 2. Nc3 Nc6 3. g3 f5 4. Bg2 Nf6 5. d3 g6 6. Bg5 Bg7 7. e3 Ne7 8. d4 e4 9. g4 fxg4 10. Nge2 O-O 11. Qb3 d6 12. O-O-O c6 13. Nf4 Qb6 14. Bxf6 Qxb3 15. axb3 Bxf6 16. Nxe4 Bh4 17. Rd2 Nf5 18. Ne2 Bxf2 19. Nxf2 Nxe3 20. Ne4 Nxg2 21. Nxd6 Nh4 22. Nc3 Nf3 23. Rdd1 Rd8 24. c5 Be6 25. b4 a6 26. Rd3 Rd7 27. Re3 Bd5 28. Nxd5 cxd5 29. h3 Nxd4 30. hxg4 Rf8 31. Rd1 Nc6 32. b5 axb5 33. Rxd5 Rf4 34. Re2 1/2-1/2

[Event "XII Open HIT 2007 - A"]
[Site "Nova Gorica SLO"]
[Date "2007.01.30"]
[Round "7"]
[White "Miezis, Normunds"]
[Black "Korneev, Oleg"]
[Result "0-1"]
[WhiteElo "2517"]
[BlackElo "2606"]
[PlyCount "154"]
[EventDate "2007.01.26"]
[Source "www.chesslib.no"]
[SourceDate "2004.05.04"]

1. c4 e5 2. Nc3 Nc6 3. g3 Bc5 4. Bg2 d6 5. Na4 Nge7 6. Nxc5 dxc5 7. d3 O-O 8. Nf3 Bf5 9. Nh4 Be6 10. f4 exf4 11. Bxf4 f6 12. Be3 b6 13. Qd2 Qd7 14. h3 Rad8 15. g4 Rfe8 16. g5 f5 17. b3 Nd4 18. O-O Bf7 19. Rae1 Bh5 20. Kh1 Ng6 21. Nxg6 hxg6 22. Bd5+ Kh7 23. Bxd4 cxd4 24. Qf4 c6 25. Bf3 Bxf3+ 26. exf3 Kg8 27. Kg2 c5 28. Kf2 Re3 29. Rxe3 dxe3+ 30. Qxe3 Re8 31. Qc1 Qd4+ 32. Kg3 Re2 33. a3 a5 34. a4 Kh7 35. f4 Qxd3+ 36. Rf3 Qe4 37. Qd1 Re1 38. Qd3 Rg1+ 39. Kh2 Qe1 40. Qe3 Rh1+ 41. Kg2 Qb1 42. h4 Re1 43. Qd2 Rg1+ 44. Kh2 Rc1 45. Qe3 Rc2+ 46. Rf2 Rxf2+ 47. Qxf2 Qxb3 48. Qe2 Qxa4 49. h5 Qc6 50. Kg3 Qe4 51. hxg6+ Kxg6 52. Qd2 Qxc4 53. Qd6+ Kh7 54. Qxb6 Qc3+ 55. Kh4 Qe1+ 56. Kh3 Qe3+ 57. Kg2 Qe2+ 58. Kg1 Qg4+ 59. Kh1 Qf3+ 60. Kg1 Qxf4 61. g6+ Kh6 62. Qxc5 a4 63. Qf8 Qe4 64. Kh2 Kxg6 65. Qd6+ Kh7 66. Qa3 Qc2+ 67. Kg1 Qb3 68. Qf8 Qg3+ 69. Kh1 Qh3+ 70. Kg1 a3 71. Qa8 Qe3+ 72. Kf1 Qd3+ 73. Kf2 Qc2+ 74. Kg3 a2 75. Qh1+ Kg6 76. Qa8 Qc3+ 77. Kh4 Qf6+ 0-1

[Event "SCG First League m"]
[Site "?"]
[Date "2005.10.22"]
[Round "6"]
[White "Predojevic Borki"]
[Black "Nataf Igor-Alexandre"]
[Result "1/2-1/2"]
[WhiteElo "2558"]
[BlackElo "2564"]
[PlyCount "79"]
[EventDate "2005.??.??"]
[Source "www.chesslib.no"]
[SourceDate "2004.05.04"]

1. g3 g6 2. Bg2 Bg7 3. c4 d6 4. Nc3 e5 5. e3 Nc6 6. Nge2 h5 7. h4 Nge7 8. d3 Bg4 9. f3 Be6 10. e4 Qd7 11. Bg5 f6 12. Be3 f5 13. Nd5 Nd8 14. Bg5 Ng8 15. O-O c6 16. Ne3 Nf7 17. f4 Nxg5 18. fxg5 Ne7 19. d4 Qc7 20. d5 cxd5 21. exf5 gxf5 22. Nxd5 Bxd5 23. cxd5 O-O 24. Kh2 f4 25. Bh3 Ng6 26. gxf4 exf4 27. Qd3 Nxh4 28. Be6+ Kh8 29. Qh3 Qc2 30. Qxh4 Qxe2+ 31. Rf2 Qd3 32. Qxh5+ Qh7 33. Qxh7+ Kxh7 34. Kh3 Kg6 35. Kg4 Bd4 36. Rh2 Rh8 37. Bf5+ Kg7 38. Rc2 Bb6 39. Kxf4 Rhe8 40. Be6 1/2-1/2

[Event "Bastia Cup"]
[Site "Bastia"]
[Date "1999.12.04"]
[Round "1.1"]
[White "Wojtkiewicz, Aleksander"]
[Black "Ibragimov, Ildar"]
[Result "1-0"]
[WhiteElo "2567"]
[BlackElo "2554"]
[PlyCount "88"]
[EventDate "1999.11.??"]
[Source "ChessBase"]
[SourceDate "2000.01.11"]

1. c4 e5 2. Nc3 Nc6 3. g3 f5 4. Bg2 Nf6 5. e3 g6 6. Nge2 Bg7 7. d3 O-O 8. O-O d6 9. Rb1 a5 10. a3 Ne7 11. b4 axb4 12. axb4 c6 13. b5 d5 14. bxc6 bxc6 15. cxd5 cxd5 16. Qb3 Be6 17. Ba3 Re8 18. Rfc1 Qd7 19. Bxe7 Rxe7 20. d4 e4 21. Nb5 Rc8 22. Nec3 Qd8 23. Na4 Rxc1+ 24. Rxc1 Bf8 25. Nc5 Bf7 26. Ra1 Nd7 27. Nb7 Qb8 28. N7d6 Be6 29. Ra6 Nf6 30. Qa3 Re8 31. Qa5 Bxd6 32. Nxd6 Qb1+ 33. Bf1 Rb8 34. Nb5 Ng4 35. Qc7 Rc8 36. Qe7 Bf7 37. Ra7 Rf8 38. Qa3 Nxh2 39. Qa1 Rb8 40. Ra5 Rb7 41. Nd6 Rd7 42. Ra6 Kf8 43. Rb6 Ke7 44. Nb7 Rc7 1-0

[Event "Open internazionale"]
[Site "Metz FRA"]
[Date "2008.04.23"]
[Round "5.3"]
[White "Eingorn, Vereslav S"]
[Black "Savchenko, Stanislav"]
[Result "1/2-1/2"]
[WhiteElo "2557"]
[BlackElo "2560"]
[PlyCount "47"]
[EventDate "2008.??.??"]
[Source "www.chesslib.no"]
[SourceDate "2004.05.04"]

1. c4 e5 2. g3 Nf6 3. Bg2 Nc6 4. Nc3 Bb4 5. Nd5 Bc5 6. d3 Nxd5 7. cxd5 Ne7 8. Nf3 Bb4+ 9. Nd2 c6 10. dxc6 Nxc6 11. O-O O-O 12. Nb3 d5 13. Be3 b6 14. Rc1 Ne7 15. Bg5 f6 16. Bd2 Bd6 17. Na1 Be6 18. d4 e4 19. Rc3 Qd7 20. f3 f5 21. Nc2 Rac8 22. e3 Qb5 23. Qb1 g6 24. f4 1/2-1/2